000 nam a22 a 4500
999 _c353926
_d353926
003 BLK
005 20221208030949.0
008 200413b bu ||||| |||| 00| 0 bu d
040 _aBLK
041 _aRUS
_cRUS
080 _aМаксими. Сентенции. Афоризми. Пословици. Крилати фрази
_b82-84
_z82-84
100 _aАшукин, Николай Сергеевич
_eпърви автор
_91299
139 _aАшукин, Николай Сергеевич и др.
245 _aКрылатые слова
_bКрылатые слова ; Лит. цитаты ; Образные выражения
_cНиколай Ашукин, Мария Ашукина
257 _aSUN
260 _9212251
_aМосква
_bХудож. лит.
_c1987
300 _a528 с.
_c22 см
380 _aX
501 _aАлфавитный указ. с. 495-520. Указ. имен. с. 521-526.
650 7 _9147880
_aАфоризми
700 _aАшукина, Мария Григориевна
_eсъавт.
_91445
852 _aЦб 150678
_bЦб
942 _cKNG
_n0
_s1
944 _aCR
_c2020-04-13
_kКети Илиева